000 00970nam a2200241Ia 4500
003 OSt
005 20251016172143.0
008 221004b |||||||| |||| 00| 0 hin d
020 _a8188904198 (hbk)
037 _cTextual
040 _aCRL
_cCRL
_bhin
041 _2hin
_ahin
084 _aS:55, 152P7
100 _aचतुर्वेदी, जगदीश्वर
_9848650
245 0 _aकामुकता, पोर्नोग्राफी और स्त्रीवाद
246 _aKāmukatā, pornogrāfī aur strīvāda
260 _aकोलकाता, भारत:
_bआनन्द प्रकाशन,
_c2007.
300 _a427पृ0
_ccm.
700 _a सुधा सिंह
_9848651
942 _hS:55, 152P7
_cTEXL
_2CC
_n0
999 _c1009691
_d1009691